000 00912nam a2200265Ia 4500
003 OSt
005 20220926003330.0
006 a|||||r|||| 00| 0
007 ta
008 220923b |||||||| |||| 00| 0 eng d
020 _a019569922X
_c637.5
037 _b008/09-10, 05/05/2009, Index International
_cGeneral Book
040 _aRTL
_cRTL
_beng
041 _2eng
_aeng
082 _aU42.2, P9
100 _aDeshingkar Priya Ed.
_9307170
245 0 _aCircular migration and multilocational livelihood strategies in rural India
260 _a New Delhi
_bOxford University Press
_c2009
300 _ax, 320p.
_ccm.
500 _aBibliography chapterwise; glossary P311
650 _aPopulation
700 _a Farrington John Ed.
942 _hU42.2, P9
_cGB
_2CC
999 _c607526
_d607526